| 000 | | | 04450nac2a22002893x 450 |
| 001 | | | 8c626dce-0014-401c-a8cb-5b798a353edd |
| 005 | | | 20210716203300.0 |
| 100 | ## | $a | 20210612l1935 k y0rusy50 ca |
| 101 | 0# | $a | rus |
| 102 | ## | $a | RU |
| 105 | ## | $a | y z ||||| |
| 122 | 0# | $a | d19350208 |
| 200 | 1# | $a | Протокол № 2 Заседания ЦИК Союза ССР 7-го созыва |
| | $j | 08.02.1935 |
| 215 | ## | $a | 39 листов |
| 251 | ## | $c | Дело |
| 300 | ## | $a | Заголовок дела на папке: I-я сессия ЦИК Союза ССР VII-го созыва. Протокол № 2 Заседания Центрального исполнительного комитета Союза ССР VII-го созыва. 8-II-1935 года |
| 300 | ## | $a | Оригинал |
| 300 | ## | $a | Часть текста машинописная и рукописная, часть - напечатана типографским способом |
| 330 | ## | $a | Входит в раздел описи: VII-й Съезд Советов. 1-я Сессия ЦИК СССР |
| 461 | #0 | $1 | 001796d4672-8a00-4986-b488-6e42273792cc |
| | $1 | 2001 |
| | $a | ЦЕНТРАЛЬНЫЙ ИСПОЛНИТЕЛЬНЫЙ КОМИТЕТ СССР (ЦИК СССР) |
| | $1 | 251 |
| | $c | Фонд |
| | $1 | 852 |
| | $j | 3316 |
| | $g | Р |
| 462 | #0 | $1 | 0012246e4af-064a-4b66-b386-cae0ddb7fb2d |
| | $1 | 2001 |
| | $a | Дела 7-го Съезда Советов и 1-й, 2-й, 3-й, 4-й Сессий 7-го созыва. 1935-1937 гг. |
| | $v | Д. 85 |
| | $1 | 251 |
| | $c | Опись |
| | $1 | 852 |
| | $j | 7 |
| 517 | 1# | $a | I-я сессия ЦИК Союза ССР VII-го созыва. Протокол № 2 Заседания Центрального исполнительного комитета Союза ССР VII-го созыва. 8-II-1935 года |
| 601 | 01 | $3 | RU\NLR\AUTH\880357276 |
| | $a | СССР |
| | $b | ЦИК |
| 601 | 02 | $3 | RU\NLR\AUTH\880399375 |
| | $a | СССР |
| | $b | ЦИК |
| | $b | Созыв |
| | $c | 7 |
| | $b | Сессия |
| | $d | 1 |
| 801 | #0 | $a | RU |
| | $b | GA_RF |
| 801 | #1 | $a | RU |
| | $b | ГлавНИВЦ |
| | $c | 20210612 |
| | $2 | rusmarc |
| 801 | #2 | $a | RU |
| | $b | ПБ им. Б.Н. Ельцина |
| | $c | 20210716 |
| | $g | RCR |
| | $2 | rusmarc |
| 852 | ## | $a | ГА РФ |
| | $j | 85 |
| 937 | ## | $d | 166313125 |
| | $h | ГАРФ |
| 035 | ## | $a | RuPRLIB51060544 |
| 856 | ## | $u | http://readingroom.main.prlib.ru/item.aspx?id_node=n166313125&mode=full |